000 00598nam a2200169Ia 4500
003 GCL
008 140319s9999 xx 000 0 ara d
040 _aGCL /
_cGCL
082 0 4 _aم
_b922.2
_bد ط
100 1 _aالداوودى, شمس الدين محمد بن عل
245 1 0 _aطبقات المفسرين 2ج /
_cالداوودى, شمس الدين محمد بن عل
260 _a[S.N] :
_bدار الكتب العلمية للنشر والتوزيع
490 _aشكاوى المصرى الفصيح
_v0
650 0 4 _aالمفسرون
650 0 4 _aالتراجم
942 _2ddc
_cREF
999 _c59318
_d59318